| 000 | 00000nam 2200000za 4500 |
| 001 | 9.835783 |
| 003 | CaOODSP |
| 005 | 20240228150754 |
| 007 | cr ||||||||||| |
| 008 | 170616s2017 quc o f000 0 fre d |
| 020 | |a978-0-660-08411-4 |
| 040 | |aCaOODSP|bfre |
| 043 | |an-cn--- |
| 086 | 1 |aEm12-27/2-2017F-PDF |
| 245 | 00|aProgramme Nouveaux horizons pour les aînés - mobiliser les aînés, renforcer les collectivités |h[ressource électronique] : |bformer une équipe de projet efficace. |
| 260 | |a[Gatineau, QC] : |bEmploi et développement social Canada, |cc2017. |
| 300 | |a[2] p. (pages non numérotées) |
| 500 | |aPubl. aussi en anglais sous le titre : New Horizons for Seniors Program - engaging seniors, strengthening communities: building an effective project team. |
| 500 | |aTitre de départ. |
| 520 | |a« Faites-vous déjà partie d’un organisme qui pense élaborer un projet dans le cadre du programme Nouveaux Horizons pour les aînés? Devez-vous former une équipe pour réaliser un tel projet? Une équipe efficace vous aidera à mener à terme une bonne idée de projet. Pour que votre projet soit une réussite, il doit d’abord avoir été minutieusement planifié. Demandez-vous ce que vous voulez accomplir, comment pouvez-vous y arriver et qui peut vous aider »--p. [1]. |
| 692 | 07|2gccst|aAîné |
| 692 | 07|2gccst|aProgramme communautaire |
| 692 | 07|2gccst|aFinancement |
| 710 | 1 |aCanada. |bEmploi et développement social Canada. |
| 775 | 08|tNew Horizons for Seniors Program - engaging seniors, strengthening communities |w(CaOODSP)9.835782 |
| 856 | 40|qPDF|s191 Ko|uhttps://publications.gc.ca/collections/collection_2017/edsc-esdc/Em12-27-2-2017-fra.pdf |
| 986 | |aSSD-186-05-17(2)F |